000
00208nam a22000857a 4500
008
170111b xxu||||| |||| 00| 0 eng d
100
_9
2332
_a
Carrasco.L.E.
245
_a
English Grammar-4
260
_b
Good Luck
_c
2011
999
_c
5270
_d
5270